00000000nam 2200000zi 4500
0019.939503
003CaOODSP
00520241126080910
006m     o  d f      
007cr mn|||||||||
008240619e197902##onc     o    f000 0 eng d
040 |aCaOODSP|beng|erda|cCaOODSP
043 |an-cn---
0861 |aCo22-751/1979E-PDF
24502|aA radio licensing policy for satellite earth stations operating with the Canadian satellite system.
24614|aSatellite earth station licensing
264 1|aOttawa : |bGovernment of Canada, Department of Communications = Gouvernement du Canada, Ministère des communications, |cFebruary 1979.
300 |a1 online resource (6, 2 pages)
336 |atext|btxt|2rdacontent
337 |acomputer|bc|2rdamedia
338 |aonline resource|bcr|2rdacarrier
500 |aIssued also in French under title: Ligne de conduite concernant la délivrance des licences radio relatives aux stations terriennes appartenant au système canadien à satellites.
500 |a"Document, Department of Communications"--Cover.
500 |aDigitized edition from print [produced by Innovation, Science and Economic Development Canada].
650 0|aEarth stations (Satellite telecommunication)|xGovernment policy|zCanada.
7101 |aCanada. |bDepartment of Communications, |eissuing body.
77508|tLigne de conduite concernant la délivrance des licences radio relatives aux stations terriennes appartenant au système canadien à satellites.|w(CaOODSP)9.945556
85640|qPDF|s544 KB|uhttps://publications.gc.ca/collections/collection_2024/isde-ised/co22/Co22-751-1979-eng.pdf